| 000 | 01001nam0a2200301 4500 | ||
|---|---|---|---|
| 001 | RU\NLR\bibl\1721896 | ||
| 005 | 20250616072425.0 | ||
| 010 |
_a978-5-94301-109-5 _9200 |
||
| 021 |
_aRU _b2010-97590 _96583 |
||
| 035 | _a(NLR Aleph) 001712886 | ||
| 090 |
_a1291282 _c1291282 |
||
| 100 | _a20110112d2009 |||y0rusy50 ca | ||
| 101 | 0 | _arus | |
| 102 | _aRU | ||
| 105 | _ay ||||||||| | ||
| 200 | 1 |
_aТеплый свет _e[поэтический сборник] _fДарья Хонина |
|
| 210 |
_aНовосибирск _c[б. и.] _d2009 |
||
| 215 |
_a85 с. _d17 |
||
| 327 | 1 | _aСодерж.: циклы: Теплый свет; Встреча с детством; Серебряные узоры; Сонеты | |
| 686 | _aШ6(2=Р)8-5 | ||
| 700 | 1 |
_aХонина _bД. С. _gДарья Сергеевна _4070 |
|
| 801 | 0 |
_aRU _bNLR _c20110112 _gRCR |
|
| 801 | 1 |
_aRU _bNLR _c20110112 |
|
| 830 | _aавт. по кн. | ||
| 942 | _cBOOK | ||
| 980 | _aNB | ||